Guess the Album Songs - 1989 (Taylor's Version) - Statistics

General Stats
  • This quiz has been taken 95 times
  • The average score is 19 of 21
Answer Stats
Answer % Correct
Blank Space
96%
Slut
95%
Welcome To New York
95%
Shake It Off
93%
Style
93%
Wildest Dreams
92%
Bad Blood
89%
Clean
89%
Now That We Don't Talk
89%
All You Had To Do Was Stay
88%
Is It Over Now
88%
Out Of The Woods
88%
Suburban Legends
88%
Wonderland
88%
You Are In Love
88%
This Love
87%
New Romantics
85%
Say Don't Go
85%
How You Get The Girl
84%
I Wish You Would
83%
I Know Places
81%
No matching quizzes found
Score Distribution
Percent of People with Each Score
Percentile by Number Answered
Your Score History
You have not taken this quiz